000 00632nam a22002177a 4500
003 UA-OsUOA
001 89708
007 ta
008 20121108b un ||||| |||| 00| 0 ukr d
090 _a821.161.2
_bЗ-24
942 _cBK
040 _aUA-OsUOA
_bukr
_cUA-OsUOA
_dUA-OsUOA
245 _aЗемні зорі
_bхудожні оповіді
_cупоряд. П. Гандзюра
300 _a253 с.
955 _a2
041 _aukr
080 _a821.161.2
260 _aК.
_bРадянський письменник
_c1975
650 7 _a82 Література. Літературознавство
_2UDC
999 _c375988
_d375988